| 000 | 00777nas a2200265 4500 | ||
|---|---|---|---|
| 001 | BR2020000205 | ||
| 003 | BR-BrBNA | ||
| 005 | 20231205132040.0 | ||
| 007 | ta | ||
| 008 | 230509b bl.|||p| |||| 00| 00por d | ||
| 040 |
_aBR-BrBNA _bpor _cBiblioteca Nacional de Agricultura |
||
| 041 | _a(En) | ||
| 072 | _aF01 | ||
| 100 | 1 | _aBrugnara, E.C. | |
| 100 | 1 | _aColli, M.P. | |
| 245 | 1 | _aCamino Real and Camarosa strawberries in reduced plant spacing | |
| 650 | _aMORANGO | ||
| 650 | _aCRESCIMENTO | ||
| 650 | _aPRÁTICA CULTURAL | ||
| 650 | _aESPAÇAMENTO | ||
| 650 | _aRENDIMENTO | ||
| 773 | 0 |
_tAgropecuária Catarinense (Brazil) _xISSN 0103-0779 _g(Sep-Dec 2019), v. 32(3) p. 84-88 _wBR2020000205 |
|
| 909 |
_a202311 _bLúcia _c55 _dLúcia Elande |
||
| 942 |
_2AGRIS _n0 _cANA |
||
| 999 |
_c258191 _d258191 |
||